Autoionization (Record no. 9109)

MARC details
000 -LEADER
fixed length control field 00611nam a2200205Ia 4500
003 - CONTROL NUMBER IDENTIFIER
control field IN-BaIIA
008 - FIXED-LENGTH DATA ELEMENTS--GENERAL INFORMATION
fixed length control field 211028s9999 xx 000 0 eng d
020 ## - INTERNATIONAL STANDARD BOOK NUMBER
International Standard Book Number 0-306-41854-1
040 ## - CATALOGING SOURCE
Transcribing agency IIA Library
080 ## - UNIVERSAL DECIMAL CLASSIFICATION NUMBER
Universal Decimal Classification number 539.1
Item number AUT
245 #0 - TITLE STATEMENT
Title Autoionization
Statement of responsibility, etc. edited by Aaron Temkin
260 ## - PUBLICATION, DISTRIBUTION, ETC.
Place of publication, distribution, etc. New York
Name of publisher, distributor, etc. Plenum Press
Date of publication, distribution, etc. 1985
300 ## - PHYSICAL DESCRIPTION
Extent xiii, 261p.
490 ## - SERIES STATEMENT
Series statement Physics of atoms and molecules
650 ## - SUBJECT ADDED ENTRY--TOPICAL TERM
Topical term or geographic name entry element Astronomy and astrophysics thesaurus
650 ## - SUBJECT ADDED ENTRY--TOPICAL TERM
Topical term or geographic name entry element Atomic physics
9 (RLIN) 1547
650 ## - SUBJECT ADDED ENTRY--TOPICAL TERM
Topical term or geographic name entry element Ionization
9 (RLIN) 15291
700 ## - ADDED ENTRY--PERSONAL NAME
Personal name Temkin, Aaron, ed.
9 (RLIN) 7467
942 ## - ADDED ENTRY ELEMENTS (KOHA)
Koha item type Books
952 ## - LOCATION AND ITEM INFORMATION (KOHA)
-- 54
Holdings
Withdrawn status Lost status Damaged status Not for loan Home library Current library Shelving location Date acquired Total Checkouts Full call number Barcode Date last seen Price effective from Koha item type
        IIA Library-Bangalore IIA Library-Bangalore General Stacks     539.1/ AUT 10011 13/07/2025   Books

Powered by Koha